THE SECRETS OF DROON (Record no. 6135)
[ view plain ]
| 000 -LEADER | |
|---|---|
| fixed length control field | 00663nam a22001457a 4500 |
| 020 ## - INTERNATIONAL STANDARD BOOK NUMBER | |
| ISBN | 978-0-439-67175-0 |
| 082 ## - DEWEY DECIMAL CLASSIFICATION NUMBER | |
| Classification number | 823 |
| Item number | ABB/C |
| 100 ## - MAIN ENTRY--AUTHOR NAME | |
| Personal name | ABBOTT, TONY |
| 245 ## - TITLE STATEMENT | |
| Title | THE SECRETS OF DROON |
| Remainder of title | THE CHARIOT OF QUEEN ZARA |
| 260 ## - PUBLICATION, DISTRIBUTION, ETC. (IMPRINT) | |
| Place of publication | NEW YORK |
| Name of publisher | SCHOLASTIC |
| Year of publication | 2013 |
| 300 ## - PHYSICAL DESCRIPTION | |
| Number of Pages | 124 |
| 520 ## - SUMMARY, ETC. | |
| Summary, etc | Eric and his friends soon learn that the old wizard is trapped in the city of Parthnoop, on the dark side of the moon, and only Queen Zara's flying chariot will take them there. But with genies, urn-riders, and secrets around every turn, can they reach Galen in time? Or will they be trapped in Parthnoop, too? |
| 650 ## - SUBJECT ADDED ENTRY--TOPICAL TERM | |
| Topical Term | ADVENTURE STORY |
| Geographic subdivision | UNITED STATES |
| 942 ## - ADDED ENTRY ELEMENTS (KOHA) | |
| Koha item type | Books |
| Withdrawn status | Lost status | Collection code | Home library | Current library | Shelving location | Date acquired | Source of acquisition | Cost, normal purchase price | Full call number | Accession Number | Koha item type |
|---|---|---|---|---|---|---|---|---|---|---|---|
| Fiction | Main Library | Main Library | SHELF 15 H-HARRY POTTER(CHARACTERISATION),WIMPY KID,DORK DIARIES | 20/03/2015 | purchase | 110.00 | 823 ABB/C | 08471 | Books |